000 00316nam a2200109 4500
999 _c516187
_d516187
082 _aTNC N400x54 G346
100 _aGhosh, S.K.
_922622
245 _aPolice leadership & man management
260 _aCalcutta
_bSatchidananda Prakashani
_c1977
300 _a106p.
650 _aPolice - Administration - India
_922623